00000000nam##2200000za#4500
0019.564242
003CaOODSP
00520240527135426
007cr |||||||||||
008150406|2008||||xxc|||||o    f|0| 0 eng|d
020 |a978-1-100-10169-9
040 |aCaOODSP|beng
043 |an-cn---
0861 |aCW69-16/24-2008E-PDF
1102 |aCanadian Wildlife Service.
24510|aMigratory Birds Regulations in Canada, July 2008 |h[electronic resource]
260 |aOttawa - Ontario : |bEnvironment Canada. |cJuly 2008.
300 |a48p.|bmaps, tables
4901 |aCWS migratory birds regulatory report |vNo. 24
590 |a09-37|b2009-09-11
69007|aMigratory birds|2gcpds
77508|tRèglement sur les oiseaux migrateurs au Canada, juillet 2008 |w(CaOODSP)9.596020
830#0|aCWS migratory birds regulatory report ;|vNo. 24|w(CaOODSP)9.505137
85640|ahttp://publications.gc.ca|qPDF|s2301 KB|uhttps://publications.gc.ca/collections/collection_2009/ec/CW69-16-24-2008E.pdf|yNo. 24